Family-based prevention of offending: a meta-analysis
| Authors: | ; |
|---|---|
| Format: | Print Article |
| Language: | English |
| Published: |
2003
|
| In: |
The Australian and New Zealand journal of criminology
Year: 2003, Volume: 36, Issue: 2, Pages: 127-151 |
| Availability in Tübingen: | Present in Tübingen. IFK: 9181 |
| Check availability: | HBZ Gateway |
| Keywords: |
MARC
| LEADER | 00000caa a22000002c 4500 | ||
|---|---|---|---|
| 001 | 1640032738 | ||
| 003 | DE-627 | ||
| 005 | 20220608130912.0 | ||
| 007 | tu | ||
| 008 | 160223s2003 xx ||||| 00| ||eng c | ||
| 035 | |a (DE-627)1640032738 | ||
| 035 | |a (DE-576)456035583 | ||
| 035 | |a (DE-599)BSZ456035583 | ||
| 040 | |a DE-627 |b ger |c DE-627 |e rakwb | ||
| 041 | |a eng | ||
| 100 | 1 | |a Farrington, David |d 1944-2024 |0 (DE-588)1033146951 |0 (DE-627)740055585 |0 (DE-576)160911001 |4 aut | |
| 109 | |a Farrington, David 1944-2024 |a Farrington, David P. 1944-2024 |a Farrington, D. P. 1944-2024 |a Farrington, David Philip 1944-2024 | ||
| 245 | 1 | 0 | |a Family-based prevention of offending: a meta-analysis |c David P. Farrington, Brandon C. Welsh |
| 264 | 1 | |c 2003 | |
| 336 | |a Text |b txt |2 rdacontent | ||
| 337 | |a ohne Hilfsmittel zu benutzen |b n |2 rdamedia | ||
| 338 | |a Band |b nc |2 rdacarrier | ||
| 700 | 1 | |a Welsh, Brandon |d 1969- |0 (DE-588)132990601 |0 (DE-627)530075210 |0 (DE-576)179967460 |4 aut | |
| 773 | 0 | 8 | |i In |t The Australian and New Zealand journal of criminology |d Los Angeles, Calif. [u.a.] : Sage, 1968 |g 36(2003), 2, Seite 127-151 |w (DE-627)168183730 |w (DE-600)700021-2 |w (DE-576)015930572 |x 0004-8658 |7 nnas |
| 773 | 1 | 8 | |g volume:36 |g year:2003 |g number:2 |g pages:127-151 |
| 935 | |a mkri | ||
| 951 | |a AR | ||
| ELC | |b 1 | ||
| LOK | |0 000 xxxxxcx a22 zn 4500 | ||
| LOK | |0 001 3301284221 | ||
| LOK | |0 003 DE-627 | ||
| LOK | |0 004 1640032738 | ||
| LOK | |0 005 20160223101024 | ||
| LOK | |0 008 160208||||||||||||||||ger||||||| | ||
| LOK | |0 040 |a DE-21-110 |c DE-627 |d DE-21-110 | ||
| LOK | |0 689 |a s |a Kriminalprävention | ||
| LOK | |0 689 |a s |a Kosten | ||
| LOK | |0 689 |a s |a Metaanalyse | ||
| LOK | |0 689 |a s |a Familie | ||
| LOK | |0 689 |a s |a Kinder | ||
| LOK | |0 689 |a s |a Frühintervention | ||
| LOK | |0 689 |a s |a Frühauffälligkeit | ||
| LOK | |0 689 |a s |a Evaluation | ||
| LOK | |0 689 |a s |a Elterntraining | ||
| LOK | |0 852 |a DE-21-110 | ||
| LOK | |0 852 1 |c 9181 |m p |9 00 | ||
| LOK | |0 935 |a k110 | ||
| LOK | |0 938 |k p | ||
| LOK | |0 939 |a 08-02-16 |b l01 | ||
| ORI | |a SA-MARC-krimdoka001.raw | ||
| SIG | |a IFK: 9181 | ||
